000 00310nam a22001457a 4500
008 210312b ||||| |||| 00| 0 eng d
020 _a30081028440273
041 _aeng
080 _a32
082 _a32
100 _a19
101 _aSHP
245 _aPluralism and Consensus
_cBeem, CH
942 _2udc
_cBK
999 _c56536
_d56536